| 000 | 00486nam a2200193 a 4500 | ||
|---|---|---|---|
| 001 | BRCA_3969 | ||
| 005 | 20190320204509.0 | ||
| 008 | 140110s1911----gw-a######---#000-0#ger-# | ||
| 041 | _ager | ||
| 044 | _agw | ||
| 050 | 4 |
_aN7830 _b.A98 1911 |
|
| 245 | 1 | 0 | _aAusstellung Kirchlicher Kunst Schwabens. |
| 260 |
_aStuttgart, Alemania _b[s.n.] _c1911 |
||
| 300 |
_a48 p. _bil. _c19 cm. |
||
| 500 | _aCDE45 | ||
| 650 | 1 | 4 |
_aArte y simbolismo cristiano _99209 |
| 902 | _aGFM | ||
| 942 |
_2lcc _cB |
||
| 999 |
_c3696 _d3696 |
||